Stacje i przystanki kolejowe w Białymstoku - Statystyki

Ogólne statystyki
  • Ten quiz został rozwiązany 26 razy
  • Średni wynik to 3 z 5
Statystyki odpowiedzi
Rodzaj Nazwa % Poprawnych
Stacja Białystok
92%
Przystanek Białystok Zielone Wzgórza
88%
Przystanek Białystok Stadion
54%
Przystanek Białystok Bacieczki
46%
Przystanek Białystok Nowe Miasto
46%
Nie znaleziono quizów pasujących do podanych kryteriów
Rozkład punktacji
Procent ludzi z każdym wynikiem
Percentyl według liczby udzielonych odpowiedzi
Twoja historia wyników
Nie rozwiązałeś tego quizu